000 00551nam a2200193 a 4500
001 1758343165849
003 ACL
005 20250920101133.0
008 250920s2009##################000#0#eng##
020 _a9780007326631
082 0 4 _a793.94
_bKIL
100 1 _aGames, The Times Mind,
_eauthor.
245 1 0 _aThe Times Ultimate Killer Su Doku: 120 Challenging Puzzles from the Times (the Times Su Doku) :
260 _bTimes Books,
_c2009.
300 _a224 pages
650 0 _aGames & Activities.
942 _cENGLISH
040 _aACL
_beng
_cACL
999 _c588164
_d588164